Vista normal
Vista MARC
Entrada Topical Term
Número de registros utilizados en: 2
001 - CONTROL NUMBER
- control field: 1339
003 - CONTROL NUMBER IDENTIFIER
- control field: OSt
005 - DATE AND TIME OF LATEST TRANSACTION
- control field: 20230417194057.0
008 - FIXED-LENGTH DATA ELEMENTS
- fixed length control field: 230417|| aca||aabn | a|a d
040 ## - CATALOGING SOURCE
- Original cataloging agency: OSt
- Transcribing agency: OSt
150 ## - HEADING--TOPICAL TERM
- Topical term or geographic name entry element: Judíos
- General subdivision: Historia
670 ## - SOURCE DATA FOUND
- Source citation: Work cat.: (OSt)0: Alonso González, Eduardo 1944- autor 1335, Ana Frank